Statistiques concernant Pokémon - Les attaques sans effets

Cliquez ici pour prendre le quiz!

Statistiques générales

  • Ce quiz a été pris 17 fois
    (11 depuis la dernière actualisation)
  • Le résultat moyen est 19 sur 84

Statistiques - réponses

Type de quizAttaque% Correct
NormalCharge
89%
VolAéropique
67%
NormalEcras'Face
67%
NormalGriffe
67%
SolSéisme
67%
NormalCoupe
56%
FéeEclat Magique
56%
NormalForce
56%
SpectreOmbre Nocturne
56%
CombatAurasphère
44%
NormalBang Sonique
33%
PsyChoc Psy
33%
VolCru-Ailes
33%
NormalDernier Recours
33%
DragonDraco-Choc
33%
DragonDraco-Griffe
33%
DragonDraco-Rage
33%
TénèbresFeinte
33%
PlanteFeuille Magik
33%
PlanteFouet Lianes
33%
CombatFrappe Atlas
33%
RocheJet-Pierres
33%
NormalMégaphone
33%
EauPistolet à O
33%
NormalSonic Boom
33%
PlanteCanon Graine
22%
DragonDraco-Marteau
22%
SpectreEclat Spectral
22%
PoisonEructation
22%
AcierEstocorne
22%
PlanteFeuillage
22%
SolForce Chtonienne
22%
NormalForce Poigne
22%
TénèbresGénusection
22%
EauHydrocanon
22%
CombatLame Ointe
22%
SolLame Pangéenne
22%
CombatLame Sainte
22%
GlaceLance de Glace
22%
NormalMétéores
22%
EauOnde Originelle
22%
VolPicpic
22%
InsectePlaie Croix
22%
NormalUltimapoing
22%
NormalUltimawashi
22%
FéeVent Féérique
22%
FéeVoix Enjoleuse
22%
NormalAttrition
11%
CombatBig Splash
11%
AcierBombe Aimant
11%
NormalBombe Œuf
11%
SolCavalerie Lourde
11%
TénèbresCentrifugifle
11%
AcierChoc Météore
11%
TénèbresFourbette
11%
PsyFrappe Psy
11%
EauHydroqueue
11%
NormalJackpot
11%
NormalKoud'Korne
11%
RocheLame Puissante
11%
InsecteMégacorne
11%
ElectrikOnde de Choc
11%
ElectrikOverdrive
11%
SpectrePoing Ombre
11%
NormalPuissance Cachée
11%
RocheRayon Gemme
11%
SpectreRayon Spectral
11%
NormalSouplesse
11%
PsySynchropeine
11%
PlanteTapotige
11%
PlanteTempête Florale
11%
PsyTrou Dimensionnel
11%
NormalCoup Varia-Type
0%
NormalDanse Eveil
0%
TénèbresDark Lariat
0%
NormalHyperceuse
0%
NormalJugement
0%
NormalLune Rouge
0%
AcierMarteau-Mastoc
0%
PlanteMégafouet
0%
PsyPhoto-Geyser
0%
NormalPluie Térastrale
0%
CombatStratopercut
0%
NormalTechno Buster
0%

Distribution des résultats

Percentile par nombre de réponses

% des personnes avec chaque résultat

Votre développement - résultats

Vous n’avez pas pris ce quiz depuis la dernière actualisation